Statistics for World Capitals with the Biggest Seasonal Temperature Variation

Click here to take the quiz!

General Stats

  • This quiz has been taken 172 times
  • The average score is 11 of 16

Answer Stats

°CCapital% Correct
25.9Moscow
93%
29.8Beijing
90%
31.4Ottawa
83%
39.8Ulaanbaatar
83%
35.0Astana
76%
28.0Seoul
70%
26.6Tehran
70%
27.3Kabul
69%
30.6Pyongyang
67%
25.9Tashkent
66%
27.5Bishkek
63%
25.0Dushanbe
63%
27.8Ashgabat
55%
30.0Yerevan
50%
25.1Baghdad
45%
25.9Kuwait City
14%

Score Distribution

Percentile by Number Answered

Percent of People with Each Score

Your Score History

You have not taken this quiz